• 首页
  • 本馆介绍
  • 公告通知
  • 最新文献
  • 馆藏检索
  • 电子资源
  • 读者导购
  • 参考咨询
  • 我的图书馆
  • 登录
  • 详细信息显示
  • 放入我的书架
  • 预约/预借图书
  • 作者相关作品
  • 分类相关作品
  • 丛书相关作品
  • 出版社相关作品

书目信息

  • 表格格式
  • 工作单格式
  • 卡片格式
题名:
当代研究生英语
    
 
作者: 田洪成 主编
分册: 上册  
出版信息: 北京   外语教学与研究出版社  2001
页数: 307页
开本: 26cm
丛书名:
单 册:
中图分类: H31
科图分类: 41.68
主题词: 英语--研究生--自学参考资料
电子资源:
ISBN: 7-5600-2306-1
000 00709nam0 2200229 45
001 0198014028
005 20070622090810.45
010    @a7-5600-2306-1@dCNY25.90
100    @a19980311d2001 em y0chiy0121 ea
101 0  @achi@aeng
102    @aCN@b110000
105    @ay z 000yy
200 10 @a当代研究生英语@Adang dai yan jiu sheng ying yu@e读写教程@h上册@f田洪成主编@Ftian hong cheng zhu bian
210    @a北京@c外语教学与研究出版社@d2001
215    @a307页@d26cm@e附录音带
517 1  @a读写教程@Adu xie jiao cheng
606    @a英语@x研究生@x自学参考资料
690    @aH31@v3
692    @a41.68@v2
701  0 @a田洪成@Atian hong cheng@4主编
801  0 @aCN@bTSSF@c20070622
905    @a10447@dH31@e1042:1
    
    当代研究生英语:读写教程.上册/田洪成主编.-北京:外语教学与研究出版社,2001
    307页;26cm+附录音带
    
    
    ISBN 7-5600-2306-1:CNY25.90
    
●
相关链接 在E读中查询图书 在五车中查询图书 在当当中查询图书 在豆瓣中查询图书


正题名:当代研究生英语     索取号:H31/1042:1         预约/预借

序号 登录号 条形码 馆藏地/架位号 状态 备注
1 0511411   205114115   第二样本阅览室/ [索取号:H31/1042:1] 在馆    
2 0511412   205114124   密集书库/ [索取号:H31/1042:1] 在馆    
3 0511413   205114133   密集书库/ [索取号:H31/1042:1] 在馆    
4 0655202   206552023   密集书库/ [索取号:H31/1042:1] 在馆    
5 0655203   206552032   密集书库/ [索取号:H31/1042:1] 在馆    
唐山师范学院图书馆 欢迎您!
大连网信软件有限公司© 版权所有